<?xml version="1.0" encoding="UTF-8"?>
<collection xmlns="http://www.loc.gov/MARC21/slim">
<record>
  <controlfield tag="001">151237</controlfield>
  <controlfield tag="005">20251017144653.0</controlfield>
  <datafield tag="024" ind1="7" ind2=" ">
    <subfield code="2">doi</subfield>
    <subfield code="a">10.47197/retos.v63.106318</subfield>
  </datafield>
  <datafield tag="024" ind1="8" ind2=" ">
    <subfield code="2">sideral</subfield>
    <subfield code="a">143003</subfield>
  </datafield>
  <datafield tag="037" ind1=" " ind2=" ">
    <subfield code="a">ART-2025-143003</subfield>
  </datafield>
  <datafield tag="041" ind1=" " ind2=" ">
    <subfield code="a">spa</subfield>
  </datafield>
  <datafield tag="100" ind1=" " ind2=" ">
    <subfield code="a">Sarmiento Espiau, Alberto</subfield>
  </datafield>
  <datafield tag="245" ind1=" " ind2=" ">
    <subfield code="a">Perspectivas motivacionales en las etapas formativas del fútbol base: una revisión de alcance (Motivational perspectives in the formative stages of grassroots soccer: a scoping review)</subfield>
  </datafield>
  <datafield tag="260" ind1=" " ind2=" ">
    <subfield code="c">2025</subfield>
  </datafield>
  <datafield tag="506" ind1="0" ind2=" ">
    <subfield code="a">Access copy available to the general public</subfield>
    <subfield code="f">Unrestricted</subfield>
  </datafield>
  <datafield tag="520" ind1="3" ind2=" ">
    <subfield code="a">Introducción y Objetivo: La siguiente revisión sistemática analiza los climas motivacionales en el fútbol base, enfocándose en cómo diferentes enfoques motivacionales por parte de entrenadores, padres y el entorno influyen significativamente en la motivación, compromiso, rendimiento y bienestar de los jóvenes futbolistas durante su desarrollo.
Metodología: Este estudio sigue las directrices PRISMA para la recopilación y síntesis de la literatura existente. Se buscan publicaciones entre enero de 2014 y enero de 2024 en PubMed, Web of Science y Scopus, utilizando términos como fútbol base, clima motivacional, entrenadores, familias y jugadores. Se incluyen 27 artículos de los 265 identificados, categorizados en 4 dimensiones sobre los climas motivacionales: jugadores (25.93%), entrenadores (33.33%), familias (3.70%) y triángulo deportivo (37.04%).
Resultados: Los resultados subrayan la complejidad del clima motivacional en el fútbol base, destacando la influencia de los entrenadores y de las familias en el desarrollo del jugador.
Discusión: Un clima orientado a la tarea se asocia con mayor motivación autodeterminada y satisfacción de las necesidades psicológicas básicas, mientras que un clima orientado al ego puede aumentar la ansiedad competitiva.
Conclusiones: Se enfatiza la necesidad de abordar este fenómeno de manera multidimensional, involucrando a todos los actores del entorno deportivo destacando la importancia de realizar futuras investigaciones para profundizar en los mecanismos subyacentes y evaluar los efectos a largo plazo de los climas motivacionales en el rendimiento y bienestar del niño.</subfield>
  </datafield>
  <datafield tag="540" ind1=" " ind2=" ">
    <subfield code="9">info:eu-repo/semantics/openAccess</subfield>
    <subfield code="a">by-nc-nd</subfield>
    <subfield code="u">https://creativecommons.org/licenses/by-nc-nd/4.0/deed.es</subfield>
  </datafield>
  <datafield tag="655" ind1=" " ind2="4">
    <subfield code="a">info:eu-repo/semantics/article</subfield>
    <subfield code="v">info:eu-repo/semantics/publishedVersion</subfield>
  </datafield>
  <datafield tag="700" ind1=" " ind2=" ">
    <subfield code="a">Murillo Lorente, Víctor</subfield>
    <subfield code="u">Universidad de Zaragoza</subfield>
    <subfield code="0">(orcid)0000-0001-5941-0731</subfield>
  </datafield>
  <datafield tag="700" ind1=" " ind2=" ">
    <subfield code="a">Pueyo Romeo, Luis</subfield>
    <subfield code="u">Universidad de Zaragoza</subfield>
  </datafield>
  <datafield tag="700" ind1=" " ind2=" ">
    <subfield code="a">Álvarez Medina, Javier</subfield>
    <subfield code="u">Universidad de Zaragoza</subfield>
    <subfield code="0">(orcid)0000-0003-4370-6911</subfield>
  </datafield>
  <datafield tag="710" ind1="2" ind2=" ">
    <subfield code="1">1006</subfield>
    <subfield code="2">245</subfield>
    <subfield code="a">Universidad de Zaragoza</subfield>
    <subfield code="b">Dpto. Fisiatría y Enfermería</subfield>
    <subfield code="c">Área Educación Física y Depor.</subfield>
  </datafield>
  <datafield tag="773" ind1=" " ind2=" ">
    <subfield code="g">63 (2025), 102-118</subfield>
    <subfield code="p">Retos (Madr.)</subfield>
    <subfield code="t">Retos</subfield>
    <subfield code="x">1579-1726</subfield>
  </datafield>
  <datafield tag="856" ind1="4" ind2=" ">
    <subfield code="s">942587</subfield>
    <subfield code="u">http://zaguan.unizar.es/record/151237/files/texto_completo.pdf</subfield>
    <subfield code="y">Versión publicada</subfield>
  </datafield>
  <datafield tag="856" ind1="4" ind2=" ">
    <subfield code="s">2563082</subfield>
    <subfield code="u">http://zaguan.unizar.es/record/151237/files/texto_completo.jpg?subformat=icon</subfield>
    <subfield code="x">icon</subfield>
    <subfield code="y">Versión publicada</subfield>
  </datafield>
  <datafield tag="909" ind1="C" ind2="O">
    <subfield code="o">oai:zaguan.unizar.es:151237</subfield>
    <subfield code="p">articulos</subfield>
    <subfield code="p">driver</subfield>
  </datafield>
  <datafield tag="951" ind1=" " ind2=" ">
    <subfield code="a">2025-10-17-14:37:18</subfield>
  </datafield>
  <datafield tag="980" ind1=" " ind2=" ">
    <subfield code="a">ARTICLE</subfield>
  </datafield>
</record>
</collection>